Kariérové poradenstvo v rezorte školstva

Kariérové poradenstvo v európskom kontexte. Kariérové poradenstvo v rezorte školstva v SR. Poradenský systém v pôsobnosti rezortu školstva. Nezamestnanosť mladých ľudí a absolventov škôl. Hlavné nedostatky vo vzťahu vzdelávania a trhu práce. Súčasný stav kariérového poradenstva v rezorte školstva. I...

ver descrição completa

Na minha lista:
Detalhes bibliográficos
Autor principal: Gressnerová, Laura
Formato: Capítulo de Livro
Idioma:eslovaco
Assuntos:
Tags: Adicionar Tag
Sem tags, seja o primeiro a adicionar uma tag!

MARC

LEADER 00000naa$a2200000$$$4500
001 0027044
005 20230918124853.5
041 0 |a slo 
044 |a SK 
245 1 0 |a Kariérové poradenstvo v rezorte školstva  |c Laura Gressnerová 
520 |a Kariérové poradenstvo v európskom kontexte. Kariérové poradenstvo v rezorte školstva v SR. Poradenský systém v pôsobnosti rezortu školstva. Nezamestnanosť mladých ľudí a absolventov škôl. Hlavné nedostatky vo vzťahu vzdelávania a trhu práce. Súčasný stav kariérového poradenstva v rezorte školstva. Informácie a výskum vzťahu vzdelávania a trhu práce. 
610 2 0 |a poradenstvo kariérové 
610 2 0 |a kariéra 
610 2 0 |a poradenstvo profesionálne 
610 2 0 |a školstvo 
610 2 0 |a dokumenty 
610 2 0 |a Európska únia 
610 2 0 |a Slovensko 
610 2 0 |a nezamestnanosť 
610 2 0 |a absolventi 
610 2 0 |a vzdelávanie 
610 2 0 |a programy 
100 1 |a Gressnerová, Laura